Understanding basic statistics (Record no. 6545)

MARC details
000 -LEADER
fixed length control field 00541 a2200193 4500
001 - CONTROL NUMBER
control field 132164
003 - CONTROL NUMBER IDENTIFIER
control field OSt
005 - DATE AND TIME OF LATEST TRANSACTION
control field 20211012123617.0
008 - FIXED-LENGTH DATA ELEMENTS--GENERAL INFORMATION
fixed length control field
082 ## - DEWEY DECIMAL CLASSIFICATION NUMBER
Classification number 519.5
Item number B73U
100 1# - MAIN ENTRY--PERSONAL NAME
Personal name Brase, Charles Henry
245 1# - TITLE STATEMENT
Title Understanding basic statistics
Statement of responsibility, etc by Charles Henry Brase and Corrinne Pellillo Brase
250 ## - EDITION STATEMENT
Edition statement 4th ed.
260 ## - PUBLICATION, DISTRIBUTION, ETC. (IMPRINT)
Place of publication, distribution, etc New york
Name of publisher, distributor, etc Houghton Mufflin Company
Date of publication, distribution, etc 2007
300 ## - PHYSICAL DESCRIPTION
Extent 522p.
690 ## - LOCAL SUBJECT ADDED ENTRY--TOPICAL TERM (OCLC, RLIN)
Topical term or geographic name as entry element Mathematical statistics
700 ## - ADDED ENTRY--PERSONAL NAME
Personal name Brase, Corrine Pellillo
942 ## - ADDED ENTRY ELEMENTS (KOHA)
Source of classification or shelving scheme Dewey Decimal Classification
Koha item type Books
Holdings
Withdrawn status Lost status Source of classification or shelving scheme Damaged status Not for loan Collection code Home library Current library Date acquired Source of acquisition Cost, normal purchase price Total Checkouts Full call number Barcode Date last seen Date checked out Price effective from Koha item type
    Dewey Decimal Classification     General Text Book Central University Of Rajasthan Central University Of Rajasthan 08/06/2012 ECO 25.00 2 519.5 B73U 8945 21/11/2024 11/09/2023 02/09/2020 Books